Представление документа в формате MARC21

ПолеНазваниеЗначение
  Тип записи a
  Библиографический уровень m
001 Контрольный номер RU/URAIT/583079
005 Дата корректировки 20260429163620.4
008 Кодируемые данные 260429s2026 RU y f j 000 0 rus u
020 Индекс ISBN __
a ISBN 978-5-534-00800-5
c Цена, тираж 1519.00
040 Источник каталогиз. __
a Служба первич. каталог. ИКО Юрайт
c Служба, преобразующая запись ИКО Юрайт
e Правила каталог. RCR
041 Код языка издания __
a Код языка текста rus
044 Код страны публикации __
a Код страны публикации RU
080 Индекс УДК __
a Индекс УДК 159.9(075.8)
084 Индекс другой классификации/Индекс ББК __
2 Источник индекса rubbk
a Индекс другой классификации/Индекс ББК 88.4я73
100 Автор __
a Автор Крысько В. Г.
q Полное имя Крысько Владимир Гаврилович
245 Заглавие __
a Заглавие Этническая психология
b Продолж. заглавия учебник для вузов
c Ответственность В. Г. Крысько.
250 Сведения об издании __
g пер. и доп
a Основные сведения об издании 10-е изд.
256 Характеристики компьютерного файла __
a Характеристики компьютерного файла Электрон. дан.
260 Выходные данные __
a Место издания Москва
b Издательство Юрайт
c Дата издания 2026
300 Физическое описание __
a Объем 359 с
440 Серия __
a Серия Высшее образование
500 Примечания __
a Примечание URL: https://urait.ru/bcode/583079 (дата обращения: 29.04.2026).
520 Аннотация __
a Аннотация Книга представляет собой обновленное издание учебника, автором которого является крупнейший специалист в отечественной этнопсихологии. В учебнике показан исторический путь развития этнической психологии в России и за рубежом. Проанализированы роль и значение этнопсихологии в системе общественных и других наук, охарактеризованы ее предмет, основные понятия, методологи-ческие позиции и направления исследования. В обобщенном виде представлена психология большинства народов России и некоторых развитых зарубежных государств, а также рассмотрены механизмы и своеобразие проявления национально-психологических особенностей людей как в повседневном взаимодействии, так и в межнациональных отношениях.
538 Прим. о системных особенностях __
a Прим. о системных особенностях Режим доступа: Электронно-библиотечная система Юрайт, для авториз. пользователей
653 Ключевые слова __
a Ключевые слова Социальная и организационная психология
653 Ключевые слова __
a Ключевые слова Педагогика, психология, социальная работа
653 Ключевые слова __
a Ключевые слова Этнопсихология
653 Ключевые слова __
a Ключевые слова Этнопсихология народов региона
653 Ключевые слова __
a Ключевые слова Основы этнопсихологии
653 Ключевые слова __
a Ключевые слова Этнопсихология и деловой этикет народов региона специализации
653 Ключевые слова __
a Ключевые слова Этнопсихология народов России
653 Ключевые слова __
a Ключевые слова Этнокультура и этнопсихология
653 Ключевые слова __
a Ключевые слова Этнопсихология народов региона специализации
653 Ключевые слова __
a Ключевые слова Этническая психология
653 Ключевые слова __
a Ключевые слова Этнопсихология и культура народов профильного региона
653 Ключевые слова __
a Ключевые слова Теория и практика этнопсихологии
856 Электронный адрес документа 40
n Местонахождение сервера Юрайт
g Электронная книга
q Тип электронного формата html
h Имя пользователя ЮРАЙТ
v Часы доступа к ресурсу 20271231
2 Способ доступа Показать документ
x Служебное примечание https://urait.ru/book/cover/4E39489E-A00E-42BA-8E78-43D73643DD82
u URL https://urait.ru/bcode/583079
856 Электронный адрес документа 48
q Тип электронного формата cover
u URL https://urait.ru/book/cover/4E39489E-A00E-42BA-8E78-43D73643DD82
911 __
u 0030=https://urait.ru/bcode/583079
911 __
u 073a=9785534008005
u 073d=1519.00
911 __
u 106a=s
911 __
u 900l=
952 Тип литературы __
i Дисциплина Этнопсихология
952 Тип литературы __
i Дисциплина Этнопсихология народов региона
952 Тип литературы __
i Дисциплина Основы этнопсихологии
952 Тип литературы __
i Дисциплина Этнопсихология и деловой этикет народов региона специализации
952 Тип литературы __
i Дисциплина Этнопсихология народов России
952 Тип литературы __
i Дисциплина Этнокультура и этнопсихология
952 Тип литературы __
i Дисциплина Этнопсихология народов региона специализации
952 Тип литературы __
i Дисциплина Этническая психология
952 Тип литературы __
i Дисциплина Этнопсихология и культура народов профильного региона
952 Тип литературы __
i Дисциплина Теория и практика этнопсихологии